000 00438nmm a2200157Ia 4500
008 251105s9999||||xx |||||||||||||||||und||
020 _a9788497886697
041 _aspa
100 _aPagès Santacana, Anna
245 0 _ae-Teaching
264 _a[Madrid, España] :
_bUniversitat Oberta de Catalunya,
_c2007
300 _a136 páginas
650 _aEducation
856 _uhttps://public.digitaliapublishing.com/a/20139
942 _cCF
999 _c90705
_d90705